<?xml version="1.0" encoding="UTF-8"?><?xml-stylesheet type="text/xsl" href="static/style.xsl"?><OAI-PMH xmlns="http://www.openarchives.org/OAI/2.0/" xmlns:xsi="http://www.w3.org/2001/XMLSchema-instance" xsi:schemaLocation="http://www.openarchives.org/OAI/2.0/ http://www.openarchives.org/OAI/2.0/OAI-PMH.xsd"><responseDate>2026-04-19T10:44:52Z</responseDate><request verb="GetRecord" identifier="oai:riubu.ubu.es:10259/5469" metadataPrefix="marc">https://riubu.ubu.es/oai/request</request><GetRecord><record><header><identifier>oai:riubu.ubu.es:10259/5469</identifier><datestamp>2021-11-02T12:43:21Z</datestamp><setSpec>com_10259_5088</setSpec><setSpec>com_10259_2728</setSpec><setSpec>col_10259_5421</setSpec></header><metadata><record xmlns="http://www.loc.gov/MARC21/slim" xmlns:doc="http://www.lyncode.com/xoai" xmlns:xsi="http://www.w3.org/2001/XMLSchema-instance" xmlns:dcterms="http://purl.org/dc/terms/" xsi:schemaLocation="http://www.loc.gov/MARC21/slim http://www.loc.gov/standards/marcxml/schema/MARC21slim.xsd">
<leader>00925njm 22002777a 4500</leader>
<datafield tag="042" ind1=" " ind2=" ">
<subfield code="a">dc</subfield>
</datafield>
<datafield tag="720" ind1=" " ind2=" ">
<subfield code="a">Puente Herrera, Tamara</subfield>
<subfield code="e">author</subfield>
</datafield>
<datafield tag="520" ind1=" " ind2=" ">
<subfield code="a">El objetivo de esta investigación está centrado en diseñar una propuesta didáctica para comprobar si el uso de los poliominós, material matemático, mejora la orientación espacial en el alumnado de un curso de Educación Infantil. Además de la manipulación y exploración de este material se propone una experimentación con el mismo a través de la robótica educativa mediante el uso del Blue-Bot.&#xd;
Al inicio del documento se contempla una fundamentación teórica del mismo en la que se centrará la elaboración de la propuesta didáctica, finalizando el documento con unas conclusiones en las que se recogen propuestas de mejora, así como unas futuras líneas de investigación observadas del análisis y reflexión de la documentación leída.</subfield>
</datafield>
<datafield tag="520" ind1=" " ind2=" ">
<subfield code="a">The objective of this research is focused on designing a didactic proposal to verify if the use of polyominoes, mathematical material, improves the spatial orientation of the students in pre-school education. In addition to the manipulation and exploration of this material, an experiment with it is proposed through educational robotics using the Blue-Bot robot.&#xd;
At the beginning of the document, a theoretical foundation is contemplated in which the preparation of the didactic proposal will be focused. The document will end with some conclusions in which proposals of improvement are gathered, as well as future lines of research. These conclusions have been observed from the analysis and reflection of the documentation read.</subfield>
</datafield>
<datafield tag="024" ind2=" " ind1="8">
<subfield code="a">http://hdl.handle.net/10259/5469</subfield>
</datafield>
<datafield ind1=" " ind2=" " tag="653">
<subfield code="a">poliominós</subfield>
</datafield>
<datafield ind1=" " ind2=" " tag="653">
<subfield code="a">matemáticas</subfield>
</datafield>
<datafield ind1=" " ind2=" " tag="653">
<subfield code="a">Educación Infantil</subfield>
</datafield>
<datafield ind1=" " ind2=" " tag="653">
<subfield code="a">orientación espacial</subfield>
</datafield>
<datafield ind1=" " ind2=" " tag="653">
<subfield code="a">robótica</subfield>
</datafield>
<datafield ind1=" " ind2=" " tag="653">
<subfield code="a">polyominoes</subfield>
</datafield>
<datafield ind1=" " ind2=" " tag="653">
<subfield code="a">mathematics</subfield>
</datafield>
<datafield ind1=" " ind2=" " tag="653">
<subfield code="a">pre-school education</subfield>
</datafield>
<datafield ind1=" " ind2=" " tag="653">
<subfield code="a">spatial orientation</subfield>
</datafield>
<datafield ind1=" " ind2=" " tag="653">
<subfield code="a">robotics</subfield>
</datafield>
<datafield tag="245" ind1="0" ind2="0">
<subfield code="a">Los poliominós en educación infantil: orientación, tecnología y robótica educativa</subfield>
</datafield>
</record></metadata></record></GetRecord></OAI-PMH>